| 000 | 01316cam a22003015a 4500 | ||
|---|---|---|---|
| 005 | 20091103014610.0 | ||
| 008 | 091022s2009 ii b 001 0 eng | ||
| 010 | _aENG-95311 | ||
| 020 |
_a9780198062752 _c575.00 |
||
| 020 |
_a0198062753 _c575.00 |
||
| 035 | _aEN-78844 | ||
| 037 | _bDBAD/PUB | ||
| 040 | _aDPL | ||
| 082 | _a488.00710954 | ||
| 100 | _aAdvani, Shalini. | ||
| 245 |
_aSchooling the national imagination : _beducation, English, and the Indian modern / _cby Shalini Advani. |
||
| 260 |
_aNew Delhi : _bOxford University Press, _c2009. |
||
| 300 |
_ax, 205 p. ; _c23 cm.(Hb) |
||
| 504 | _aIncludes bibliographical references p. (180-200) and index. | ||
| 650 |
_aEnglish language _xStudy and teaching _zIndia |
||
| 650 |
_aEducation and state _zIndia |
||
| 856 | _uhttp://www.loc.gov/catdir/enhancements/fy1001/2009310540-b.html | ||
| 856 | _uhttp://www.loc.gov/catdir/enhancements/fy1001/2009310540-d.html | ||
| 856 | _uhttp://www.loc.gov/catdir/enhancements/fy1001/2009310540-t.html | ||
| 942 |
_2ddc _cEN _mADV _h488.00710954 |
||
| 999 |
_c31313 _d31313 |
||